000 00453nmm a2200157Ia 4500
008 251105s9999||||xx |||||||||||||||||und||
020 _a9789562845632
041 _aspa
100 _aConcha, Hernán
245 0 _aAlexander Lipschütz en Europa (1883-1926)
264 _a[Santiago de Chile, Chile] :
_bRil editores,
_c2007
300 _a182 páginas
650 _aBiography
856 _uhttps://public.digitaliapublishing.com/a/29711
942 _cCF
999 _c94400
_d94400